| 000 | 01082naa a2200301 c 4500 | ||
|---|---|---|---|
| 001 | 37956 | ||
| 003 | ES-MaCES | ||
| 005 | 20150929131827.0 | ||
| 008 | 070820n2006 fr t ||0 | fre d | ||
| 035 | _aCES20070004891v | ||
| 040 |
_aES-MaCES _bspa _cES-MaCES |
||
| 100 | 1 |
_aHavard, Christelle _914538 |
|
| 245 | 1 | 0 |
_aClient, employeur et salarié _b: cartographie d'une triangulation complexe _cChristelle Havard, Brigitte Rorive, André Sobczak |
| 500 | _aResumen en francés e inglés | ||
| 504 | _aBibliografía: p. 1255-1258 | ||
| 650 | 4 |
_ainforme de investigación _929446 |
|
| 650 | 4 |
_arelaciones comerciales _927965 |
|
| 650 | 4 |
_asalario _928387 |
|
| 650 | 4 |
_aservicio al cliente _930719 |
|
| 653 | 1 | 0 | _aEmpresa |
| 650 | 4 |
_928187 _aempleador |
|
| 700 | 1 |
_aSobczak, André _924189 |
|
| 700 | 1 |
_aRorive, Brigitte _922615 |
|
| 773 | 0 |
_tEconomies et sociétés _gt. 40, nº 9 (sept. 2006){10151 R. 066928}; p. [1229]-1258 _w(ES-MaCES)25169 _938933 |
|
| 902 | _aART Artículo de revista | ||
| 942 |
_2CES _cAR _h0.0. |
||
| 999 |
_c37956 _d37956 |
||